000 00544nam a2200181 a 4500
005 20260421112103.0
008 260416s2026##################000#0#eng##
020 _a9780415307222
_qhbk
041 _aEng
082 0 4 _a361.3072 ALS
100 _aAlston,Margaret.
245 1 0 _aResearch For Social Workers: An Introduction to methods.
_c/by Margaret Alston and Wendy Bowles.
250 _a2nd ed
260 _aLondon:
_bRoutledge,
_c2003.
300 _avii;332p.
_c21 cm.
650 _aSocial Problems, Social Science.
942 _cENGLISH
999 _c619506
_d619506